| 000 | 01012nas a2200253Ia 4500 | ||
|---|---|---|---|
| 001 | R452/F3324 | ||
| 003 | IT-RoPAU | ||
| 008 | 151124c99999999xx |||||||||||| ||und|| | ||
| 040 | _aIT-RoPAU | ||
| 040 | _cIT-RoPAU | ||
| 041 | _aITALIANO | ||
| 100 |
_aDe Pieri Severino _gCodice Aut. SPICS: 50958 |
||
| 210 | _aVITA PASTORALE | ||
| 222 | _aVita Pastorale | ||
| 245 |
_aVITA PASTORALE, ANNO 86-N.08/09 (AGOSTO/SETTEMBRE 1998) _bProblemi Attuali Della Formazione |
||
| 250 | _a1a ed. | ||
| 260 |
_aALBA (CN) _bPERIODICI SAN PAOLO _c1998 |
||
| 501 |
_bPaulus - SPICS - Società San Paolo EM (non-commercial uses only) _cCopyright2015 |
||
| 300 | _a3 p. [120-122] | ||
| 362 | _aANNO 086, N.08/09 (AGOSTO/SETTEMBRE 1998) | ||
| 500 | _aApporto Delle Scienze Umane Alla Formazione. Evoluzione e Tendenze della Ricerca Pedagogica Sulla Formazione. Esperienza Sisf di Venezia. Contributo al Dossier "Consacrati, Sacerdoti e Problemi Psichici". | ||
| 650 |
_aPASTORALE _vPUBBLICAZIONE PERIODICA |
||
| 942 | _cCR | ||
| 999 |
_c180205 _d180205 |
||